One nation one election (Record no. 396123)

MARC details
000 -LEADER
fixed length control field 00515 a2200205 4500
005 - DATE & TIME
control field 20260422120946.0
008 - FIXED-LENGTH DATA ELEMENTS--GENERAL INFORMATION
fixed length control field 260422b |||||||| |||| 00| 0 eng d
020 ## - ISBN
International Standard Book Number 9789388334839
Price Rs. 795.00
040 ## - CATALOGING SOURCE
Original cataloging agency VIVEKANANDA LIBRARY
082 ## - DDC NUMBER
Classification number 324.954
Book Number A38O
100 ## - MAIN ENTRY--PERSONAL NAME
Personal name Aggarawala, Adish C,
245 ## - TITLE STATEMENT
Title One nation one election
250 ## - EDITION STATEMENT
Edition statement
260 ## - PUBLICATION, DISTRIBUTION, ETC. (IMPRINT)
Name of publisher, distributor, etc Bright Law House
Date of publication, distribution, etc 2025
Place of publication, distribution, etc New Delhi
300 ## - PHYSICAL DESCRIPTION
Pages xi, 190
650 ## - Subject
Subject Political Science
650 ## - Subject
Subject Elections
700 ## - Added Entry Personal Name
Added Entry Personal Name Ludri, Amit, ed.
942 ## - ADDED ENTRY ELEMENTS (KOHA)
Koha item type Books
Holdings
Withdrawn status Lost status Source of classification or shelving scheme Damaged status Not for loan Location (home branch) Sublocation or collection (holding branch) Shelving location Date acquired Koha issues (times borrowed) Koha full call number Accession No. Koha date last seen Koha item type
    Dewey Decimal Classification     VIVEKANANDA LIBRARY VIVEKANANDA LIBRARY Law Library 02/02/2026   324.954 A38O 377813 02/02/2026 Books
© Designed and Maintained by Vivekananda Library, MDU Rohtak